000 01242cab a2200265 4500
001 ABS56328
008 090401t1996 xxu||||| |||| 00| 0 eng d
035 _a(Sirsi) u22900
041 _aeng
245 _aCollins (Pontefract) Ltd v British Coal Corporation
260 _c1996
350 _a0
490 _aRating & Valuation Reporter
_v[1996] 36 RVR 258-261(4)
520 _aLT 9 August 1996. Where a building company (C) builds houses for the purpose of sale those houses pending sale are not property which is used wholly or partially for the purposes of the company within the meaning of Coal Mining Subsidence Act 1991 s30(1)(a). Reference to the LT by C for determination of the liability of BCC to pay damages for consequential loss arising from coal mining damage to two properties built by C for sale as dwellinghouses. Reference dismissed.
650 _aCOAL MINING SUBSIDENCE ACT 1991 S30(1)(A)
650 _aCOLLINS (PONTEFRACT) LTD V BRITISH COAL CORPORATION
650 _aCONSEQUENTIAL LOSS
650 _aDAMAGES
650 _aLIABILITY
650 _aMINING SUBSIDENCE
650 _aRESIDENTIAL PROPERTY
_96266
690 _aCOMPULSORY PURCHASE AND COMPENSATION-CASE LAW
942 _n0
948 _c04/03/1997
999 _c15354
_d15354